| 000 | 01285cam a22003495a 4500 | ||
|---|---|---|---|
| 001 | 18192035 | ||
| 005 | 20171109144556.0 | ||
| 008 | 140618t2013 enk frb 001 0 eng d | ||
| 010 | _a 2014412310 | ||
| 015 |
_aGBB204787 _2bnb |
||
| 016 | 7 |
_a016010524 _2Uk |
|
| 020 | _a9781780762906 (pbk.) | ||
| 020 | _a1780762909 (pbk.) | ||
| 035 | _a(OCoLC)ocn773432435 | ||
| 040 |
_aUKMGB _beng _cUKMGB _dBDX _dYDXCP _dSINLB _dGZM _dWAU _dOCLCA _dOCLCF _dBEDGE _dDLC _dEG-ScBUE |
||
| 043 | _aa-sy--- | ||
| 082 | 0 | 4 |
_a327.5691 _bZIA _222 |
| 100 | 1 | _aZiadeh, Radwan. | |
| 245 | 1 | 0 |
_aPower and policy in Syria : _bintelligence services, foreign relations and democracy in the modern Middle East / _cRadwan Ziadeh. |
| 250 | _aRev. pbk. ed. | ||
| 260 |
_aLondon ; _aNew York : _bI. B. Tauris, _cc.2013. |
||
| 300 |
_axxi, 228 p. ; _c20 cm. |
||
| 504 | _aIncludes bibliographical references (p. 197-219) and index. | ||
| 650 | 7 |
_aIntelligence service _zSyria. _2BUEsh |
|
| 650 | 7 |
_aSecret service _zSyria. _2BUEsh |
|
| 650 | 7 |
_aDemocracy _zSyria. _2BUEsh |
|
| 651 | 7 |
_aSyria _xForeign relations _y1971- _2BUEsh |
|
| 651 | 7 |
_aSyria _xPolitics and government _y1971-2000. _2BUEsh _932261 |
|
| 651 | 7 |
_aSyria _xPolitics and government _y2000- _2BUEsh _932262 |
|
| 653 |
_bBUSBOL _cNovember2017 |
||
| 942 | _2ddc | ||
| 999 |
_c25553 _d25525 |
||